[Event "Udaipur Lakecity op 1st"]
[Site "Udaipur"]
[Date "2019.09.18"]
[Round "8"]
[White "Swapnil, S Dhopade"]
[Black "Zia, Tahsin Tajwar"]
[Result "1-0"]
[WhiteElo "2501"]
[BlackElo "2142"]
[PlyCount "87"]
[EventDate "2019.09.13"]
[EventType "swiss"]
[EventRounds "10"]
[EventCountry "IND"]
[SourceTitle "EXT 2020"]
[Source "ChessBase"]
[SourceDate "2019.10.17"]
[SourceVersion "1"]
[SourceVersionDate "2019.10.17"]
[SourceQuality "1"]

1. Nf3 d5 2. g3 Nf6 3. Bg2 e6 4. 0-0 Nbd7 5. d3 Bd6 6. Re1 0-0 7. e4 dxe4 8. dxe4 e5 9. Nbd2 Bc5 10. h3 a5 11. Nc4 Qe7 12. Nh4 Nb6 13. Ne3 Bxe3 14. Bxe3 Nc4 15. Bc1 Re8 16. b3 Nd6 17. Bb2 g6 18. a4 Nd7 19. Qd5 Nb6 20. Qc5 f6 21. Ba3 Be6 22. f4 Qd8 23. Qc3 Nf7 24. Rad1 Qc8 25. f5 gxf5 26. Nxf5 Bxf5 27. exf5 c6 28. Qe3 Qc7 29. g4 Red8 30. Qc5 Rxd1 31. Rxd1 Rd8 32. Rxd8+ Qxd8 33. Qxa5 Qd4+ 34. Kh2 Ng5 35. Qc5 Qf4+ 36. Kh1 Nd7 37. Qd6 Qd4 38. Qxd4 exd4 39. Bb2 c5 40. h4 Nf7 41. Bxb7 Nh6 42. Bf3 Ne5 43. a5 Nd7 44. a6 1-0

[Event "Udaipur Lakecity op 1st"]
[Site "Udaipur"]
[Date "2019.09.16"]
[Round "5"]
[White "Eraschenkov, Denis"]
[Black "Swapnil, S Dhopade"]
[Result "1-0"]
[WhiteElo "2390"]
[BlackElo "2501"]
[PlyCount "179"]
[EventDate "2019.09.13"]
[EventType "swiss"]
[EventRounds "10"]
[EventCountry "IND"]
[SourceTitle "EXT 2020"]
[Source "ChessBase"]
[SourceDate "2019.10.17"]
[SourceVersion "1"]
[SourceVersionDate "2019.10.17"]
[SourceQuality "1"]

1. Nf3 Nf6 2. c4 c5 3. b3 g6 4. Bb2 Bg7 5. e3 0-0 6. Be2 b6 7. 0-0 Bb7 8. d4 cxd4 9. Nxd4 d5 10. Nc3 dxc4 11. Bxc4 a6 12. a4 Nbd7 13. Rc1 Ne5 14. Be2 Qd7 15. Qd2 Nc6 16. Rfd1 Nxd4 17. Qxd4 Qxd4 18. Rxd4 Ne4 19. Rd7 Nc5 20. Rxe7 Bf6 21. Rxb7 Nxb7 22. Ba3 Rfc8 23. Nd5 Rxc1+ 24. Bxc1 Bd8 25. Ba3 Nc5 26. Bxc5 bxc5 27. Bc4 Kg7 28. e4 Bf6 29. f4 Bd4+ 30. Kf1 a5 31. e5 g5 32. g3 h5 33. Kg2 Rh8 34. h4 gxh4 35. gxh4 Rh6 36. Bd3 Rh8 37. Kf3 Kf8 38. Nf6 Ke7 39. Bc4 Kf8 40. Ne4 Ke7 41. Nd6 Rf8 42. Nf5+ Kd7 43. Ng3 Ke7 44. Nxh5 f6 45. e6 f5 46. Ng3 Kf6 47. h5 Rh8 48. Bd3 Kxe6 49. Bxf5+ Kf6 50. Bd3 Rb8 51. Ne4+ Kg7 52. Bc4 Kh6 53. Kg4 Rb7 54. Ng5 Rg7 55. Bf7 Bf6 56. Bg6 Rb7 57. Bf7 c4 58. bxc4 Rb4 59. Ne4 Bd4 60. Nd6 Kg7 61. Be8 Bc5 62. Nf5+ Kf6 63. Bb5 Rb1 64. Ng3 Rg1 65. Kf3 Kg7 66. Ne4 Be7 67. c5 Rc1 68. c6 Kh6 69. Kg4 Bd8 70. Ng5 Bc7 71. Ne6 Bd6 72. Nd4 Rg1+ 73. Kf5 Kxh5 74. Ne2 Rg6 75. Nc3 Rg1 76. Nd5 Re1 77. Nf6+ Kh4 78. Ne4 Bc7 79. Ng5 Kg3 80. Ne6 Bd6 81. Kf6 Kg4 82. f5 Kh5 83. Kf7 Kh6 84. Ke8 Bg3 85. Kd7 Rd1+ 86. Ke8 Re1 87. Ke7 Bh4+ 88. f6 Rc1 89. c7 Bg3 90. f7 1-0

[Event "Udaipur Lakecity op 1st"]
[Site "Udaipur"]
[Date "2019.09.15"]
[Round "4"]
[White "Swapnil, S Dhopade"]
[Black "Kumar, Gaurav"]
[Result "1-0"]
[WhiteElo "2501"]
[BlackElo "2096"]
[PlyCount "59"]
[EventDate "2019.09.13"]
[EventType "swiss"]
[EventRounds "10"]
[EventCountry "IND"]
[SourceTitle "EXT 2020"]
[Source "ChessBase"]
[SourceDate "2019.10.17"]
[SourceVersion "1"]
[SourceVersionDate "2019.10.17"]
[SourceQuality "1"]

1. d4 Nf6 2. c4 e6 3. Nf3 Bb4+ 4. Bd2 a5 5. g3 d6 6. Bg2 Nbd7 7. 0-0 e5 8. Be3 exd4 9. Bxd4 0-0 10. Qc2 Bc5 11. Nc3 Bxd4 12. Nxd4 Ne5 13. b3 g6 14. Rad1 Qe7 15. Nd5 Qd8 16. Nb5 Nxd5 17. cxd5 Bd7 18. Nd4 Qb8 19. h3 Rc8 20. f4 c5 21. Ne6 fxe6 22. fxe5 dxe5 23. Rf6 Be8 24. d6 Bf7 25. Rdf1 Rf8 26. Qxc5 Ra7 27. Rxf7 Rxf7 28. Rxf7 Kxf7 29. Qc7+ Qxc7 30. dxc7 1-0